000 01133nam0a2200289 i 4500
001 RU\NLR\bibl\1955093
005 20260406095552.0
010 _a9785389044760
_910000
021 _aRU
_b2012-71114
_95236
035 _a(NLR Aleph) 001944176
090 _a3606574
_c3606574
100 _a20121015d2012 c y0rusy50 ca
101 1 _arus
_ceng
102 _aRU
105 _aa |||||||||
200 1 _aМедвежонок Паддингтон в саду
_e[рассказ
_eдля младшего школьного возраста]
_fМайкл Бонд
_g[пер. с англ. А. Глебовской]
_gил. Р.В. Элли
210 _aСанкт-Петербург
_cАзбука
_aМосква
_cАзбука-Аттикус
_d2012
215 _a[32] с.
_cцв. ил.
_d19
225 1 _aМалышам о Паддингтоне
700 1 _4070
_aБонд
_bМ.
_f1926-2017
_gМайкл
_3RU\NLR\auth\7772784
_955712
702 1 _aЭлли
_bР. В.
_4440
801 0 _aRU
_bNLR
_c20121015
_gRCR
801 1 _aRU
_bNLR
_c20121015
830 _aавт. по базе; ил. по кн.
942 _cBOOK
980 _aNBR